[Event "3rd Split Open 2013"]
[Site "Split CRO"]
[Date "2013.08.12"]
[Round "3.12"]
[White "Mencinger,V"]
[Black "Ashiku,F"]
[Result "0-1"]
[WhiteElo "2399"]
[BlackElo "2241"]

1.e4 e6 2.d4 d5 3.Nc3 Nf6 4.e5 Nfd7 5.f4 c5 6.Nf3 Nc6 7.Be3 cxd4 8.Nxd4 Bc5
9.Qd2 Nxd4 10.Bxd4 Bxd4 11.Qxd4 Qb6 12.Nb5 Qxd4 13.Nxd4 Nc5 14.h4 h5 15.Rh3 Bd7
16.Rc3 Ne4 17.Re3 Nc5 18.O-O-O Ke7 19.Kb1 Rhd8 20.Be2 g6 21.b3 a6 22.a4 b6
23.Kb2 Ra7 24.Ra1 Rc7 25.a5 b5 26.c3 Rb8 27.Rc1 Rbc8 28.Rc2 Nb7 29.b4 f5
30.exf6+ Kxf6 31.Bd3 Nd6 32.Rg3 Be8 33.Re2 Re7 34.Nf3 Nc4+ 35.Kb3 Bf7 36.Ne5 Nxe5
37.fxe5+ Kg7 38.Rf2 Rg8 39.Rf6 Kh6 40.Kc2 Rg7 41.Kd2 Rc7 42.Rg5 Rc8 43.Rxf7 Rxf7
44.Rxg6+ Kh7 45.Rxe6+ Kg7 46.Rg6+ Kf8 47.Rh6 Rf2+ 48.Be2 Rxg2 49.Rxa6 Rc4
50.Rf6+ Ke7 51.Kd3 Re4 52.Bxh5 Rxe5 53.Rg6 Rh2 54.a6 Rxh5 55.a7 Rh8 56.Rh6 Ra8
57.Kd4 Ra2 58.Kxd5 R8xa7 59.Kc5 Rc7+ 60.Kxb5 Rxc3 61.Kb6 Re3 62.Rh7+ Kd6
63.b5 Rb2 64.Rh5 Re5 65.Rxe5 Kxe5 66.Kc6 Ke6 67.h5 Rc2+ 68.Kb7 Kd7 69.b6 Rh2
70.Ka8 Kc6 71.b7 Ra2+  0-1

[Event "Brasschaat Open 2013"]
[Site "Brasschaat BEL"]
[Date "2013.08.17"]
[Round "1.3"]
[White "Dhuyvetter,Koen"]
[Black "Hovhanisian,M"]
[Result "0-1"]
[WhiteElo "1734"]
[BlackElo "2507"]

1.e4 e6 2.d4 d5 3.Nc3 Nf6 4.e5 Nfd7 5.Nf3 c5 6.Be3 cxd4 7.Bxd4 Nc6 8.Bb5 a6
9.Bxc6 bxc6 10.Ne2 Qc7 11.c3 c5 12.Be3 Nxe5 13.Nxe5 Qxe5 14.O-O Be7 15.Qc2 O-O
16.Rad1 Bb7 17.Bc1 Qc7 18.Qd3 e5 19.Qg3 f5 20.f4 e4 21.Kh1 a5 22.Qe3 Rfd8
23.b3 Bf6 24.Bb2 Ba6 25.Rfe1 Rd7 26.g3 Rad8 27.Kg2 Qa7 28.h3 d4 29.cxd4 cxd4
30.Qc1 e3 31.Nxd4 Bxd4 32.Bxd4 Rxd4 33.Rxd4 Qxd4 34.Qxe3 Qxe3 35.Rxe3 Rd2+
36.Kg1 Rxa2 37.Re6 Bd3 38.Rd6 Be4 39.g4 fxg4 40.hxg4 Rg2+  0-1

[Event "6th Jessie Gilbert Open 2013"]
[Site "Coulsdon ENG"]
[Date "2013.08.17"]
[Round "1"]
[White "Grey,N"]
[Black "Lock,G"]
[Result "0-1"]
[WhiteElo "1784"]
[BlackElo "2189"]

1.e4 e6 2.d4 d5 3.Nc3 Nf6 4.e5 Nfd7 5.Nce2 c5 6.c3 Nc6 7.f4 b5 8.Nf3 b4 9.a3 bxc3
10.bxc3 Rb8 11.g3 Be7 12.Bg2 O-O 13.O-O Na5 14.Nd2 Nb6 15.Kh1 Bd7 16.f5 exf5
17.Nf4 Be6 18.Re1 Qd7 19.a4 c4 20.Qc2 Rb7 21.Ba3 Bxa3 22.Rxa3 Rfb8 23.Rb1 Nc8
24.h4 Ne7 25.h5 Rxb1+ 26.Nxb1 h6 27.Nd2 Rb6 28.Kh2 Qb7 29.Ra2 Qc7 30.Nf1 Qd7
31.Ne3 Rb3 32.Bf3 Nac6 33.Rb2 Nxd4 34.cxd4 Rxe3 35.Rb8+ Kh7 36.Bd1 Nc6  0-1

[Event "12th Lichtenberger Sommer"]
[Site "Berlin GER"]
[Date "2013.08.18"]
[Round "2.56"]
[White "Birkholz,A"]
[Black "Lassan,C"]
[Result "0-1"]
[WhiteElo "1857"]
[BlackElo "2102"]

1.e4 e6 2.d4 d5 3.Nc3 Nf6 4.e5 Nfd7 5.f4 c5 6.Nf3 Nc6 7.Be3 a6 8.Qd2 b5 9.dxc5 Nxc5
10.Qf2 b4 11.Bxc5 bxc3 12.bxc3 Qa5 13.Bd4 Nxd4 14.Qxd4 Bd7 15.Nd2 Rc8 16.Nb3 Qa3
17.Bd3 a5 18.f5 a4 19.fxe6 fxe6 20.Nd2 Qxc3 21.Qxc3 Rxc3 22.Rb1 g6 23.Rb8+ Ke7
24.Rb7 Bg7 25.Bb5 Rd8 26.Bxa4 Bxe5 27.Nf3 Bc7 28.Bb3 Kd6 29.O-O Bc6 30.Rb4 e5
31.Ng5 Re8 32.Rf6+ Kd7 33.Rf7+ Kc8 34.Nxh7 e4 35.Nf6 Rd8 36.Kf2 Bd6 37.Ra4 Bxa4
38.Bxa4 Bc5+ 39.Ke2 d4 40.Nxe4 Re3+ 41.Kd2 Rxe4  0-1

[Event "21st Troya Open 2013"]
[Site "Canakkale TUR"]
[Date "2013.08.18"]
[Round "2.5"]
[White "Secer,A"]
[Black "Diri,Reha"]
[Result "1-0"]
[WhiteElo "2319"]
[BlackElo "1890"]

1.e4 e6 2.d4 d5 3.Nc3 Nf6 4.e5 Nfd7 5.f4 c5 6.Nf3 Nc6 7.Be3 a6 8.Qd2 b5 9.dxc5 Bxc5
10.Ne2 O-O 11.Bxc5 Nxc5 12.Ned4 Nxd4 13.Qxd4 Qe7 14.Bd3 Bb7 15.O-O Rac8 16.a3 Ne4
17.Rad1 Rfd8 18.g3 h6 19.Rfe1 Nc5 20.Re2 Na4 21.Kf2 Kf8 22.h4 Qc5 23.Qxc5+ Rxc5
24.c3 Ke7 25.Nd4 Rcc8 26.h5 Nc5 27.Ke3 Rg8 28.Bh7 Rgf8 29.Bc2 Nd7 30.Kd2 Rg8
31.f5 Nb8 32.Rf1 Nc6 33.fxe6 fxe6 34.Nxc6+ Bxc6 35.Ref2 Be8 36.Bh7 Rh8 37.Bg6 Rc7
38.Kd3 Rg8 39.b3 Rh8 40.Kd4 Rg8 41.Rf4 Rh8 42.R1f2 Rg8 43.Kd3 Rh8 44.R2f3 Rg8
45.Ke2 Rh8 46.Kf2 Rg8 47.g4 Rh8 48.Kg3 Rg8 49.Kh4 a5 50.g5 a4 51.bxa4 bxa4
52.Bxe8 Kxe8 53.Rxa4 Ke7 54.Raf4 Rc4 55.Rxc4 dxc4 56.g6 Kd7 57.Rf7+ Kc6 58.Kg4 Rb8
59.Rxg7 Rb1 60.Rh7 Kd5 61.Rxh6  1-0

[Event "9th BDO Challenger"]
[Site "Haarlem NED"]
[Date "2013.08.18"]
[Round "2.2"]
[White "Pijpers,A"]
[Black "Kuijf,R"]
[Result "1-0"]
[WhiteElo "2364"]
[BlackElo "2422"]

1.e4 e6 2.d4 d5 3.Nc3 Nf6 4.e5 Nfd7 5.f4 c5 6.Nf3 Nc6 7.Be3 a6 8.Qd2 cxd4
9.Nxd4 Bc5 10.O-O-O O-O 11.Nb3 Bb4 12.Bd3 b5 13.g4 Nb6 14.Qf2 Nc4 15.Ne4 Nxe3
16.Qxe3 Be7 17.g5 f6 18.gxf6 gxf6 19.Rhg1+ Kh8 20.Qg3 Rg8 21.Qxg8+ Qxg8 22.Rxg8+ Kxg8
23.exf6 dxe4 24.fxe7 Nxe7 25.Bxe4 Ra7 26.Nd4 Rc7 27.Rg1+ Kf8 28.Rg5 h6 29.Rh5 Ng8
30.Bd3 Kg7 31.Kd2 Nf6 32.Re5 Kf7 33.f5 exf5 34.Nxf5 Ng4 35.Nd6+ Kf6 36.Rh5 Bd7
37.h3 Nf2 38.Rxh6+ Ke5 39.Nf7+ Kf4 40.Rf6+ Kg3 41.Ne5 Bc8 42.Rf3+ Kg2 43.h4 Rc5
44.Re3 Rd5 45.Ng6 Rd6 46.Nf4+ Kh2 47.Ke2 Rd4 48.Ne6 Bxe6 49.Rxe6 Nxd3 50.cxd3 Ra4
51.a3 b4 52.Re4 a5 53.Kd2  1-0

[Event "28th Schwarzacher Open"]
[Site "Schwarzach AUT"]
[Date "2013.08.18"]
[Round "3.2"]
[White "Zelcic,R"]
[Black "Lund,E"]
[Result "1-0"]
[WhiteElo "2528"]
[BlackElo "2421"]

1.e4 e6 2.d4 d5 3.Nc3 Nf6 4.e5 Nfd7 5.f4 c5 6.Nf3 Nc6 7.Be3 Be7 8.Qd2 O-O
9.Be2 a6 10.Nd1 b5 11.O-O Qb6 12.Kh1 a5 13.c3 b4 14.Bf2 Ba6 15.Bxa6 Qxa6
16.Ne3 bxc3 17.bxc3 cxd4 18.cxd4 g6 19.Ng4 Rac8 20.Ng5 Nb4 21.Bh4 Rc2 22.Qe1 h5
23.Ne3 Re2 24.Qg3 Rxe3 25.Qxe3 Nc2 26.Qf2 Nxa1 27.Rxa1 Bxg5 28.Bxg5 Qd3 29.Rc1 Rb8
30.h3 Rb1 31.Qe1 Rxc1 32.Qxc1 Qc4 33.Qb2 Qb4 34.Qxb4 axb4 35.Be7 Kg7 36.Bxb4 g5
37.fxg5 Kg6 38.h4 Kf5 39.a4 Ke4 40.g4 Kxd4 41.gxh5 Kc4 42.g6 fxg6 43.hxg6  1-0

[Event "6th Jessie Gilbert Open 2013"]
[Site "Coulsdon ENG"]
[Date "2013.08.19"]
[Round "3"]
[White "Snape,I"]
[Black "Shepherd,Katherine M"]
[Result "1-0"]
[WhiteElo "2207"]
[BlackElo "1757"]

1.e4 e6 2.d4 d5 3.Nc3 Nf6 4.e5 Nfd7 5.f4 c5 6.Nf3 Nc6 7.Be3 a6 8.Qd2 b5 9.dxc5 Bxc5
10.Bxc5 Nxc5 11.O-O-O Qb6 12.Bd3 b4 13.Ne2 a5 14.Ned4 Nxd3+ 15.Qxd3 Ba6 16.Qe3 O-O
17.f5 Nxd4 18.Nxd4 Kh8 19.Rhe1 Rac8 20.g4 Bc4 21.f6 a4 22.fxg7+ Kxg7 23.Nf5+  1-0

[Event "Brasschaat Open 2013"]
[Site "Brasschaat BEL"]
[Date "2013.08.20"]
[Round "4.12"]
[White "Kabos,T"]
[Black "Hiel,L"]
[Result "1-0"]
[WhiteElo "2294"]
[BlackElo "1883"]

1.e4 e6 2.d4 d5 3.Nc3 Nf6 4.e5 Nfd7 5.f4 c5 6.Nf3 Nc6 7.Be3 a6 8.Qd2 b5 9.a3 Qa5
10.Ra2 Qb6 11.Ne2 a5 12.c3 Rb8 13.g4 b4 14.Bg2 bxa3 15.bxa3 Ba6 16.O-O cxd4
17.cxd4 Bc4 18.Raa1 Qb2 19.Rfe1 Bxe2 20.Qxe2 Bxa3 21.Qf1 Qb4 22.f5 Qe7 23.Ng5 Bb4
24.Red1 h6 25.Nh3 Nb6 26.Rac1 Kd7 27.Nf4 Nc4 28.fxe6+ fxe6 29.Rxc4 dxc4 30.Ng6 Qe8
31.Nxh8 Qxh8 32.d5 Nxe5 33.dxe6+ Kxe6 34.Qf5+  1-0

[Event "28th Schwarzacher Open"]
[Site "Schwarzach AUT"]
[Date "2013.08.20"]
[Round "5.5"]
[White "Konguvel,P"]
[Black "Lund,E"]
[Result "1-0"]
[WhiteElo "2328"]
[BlackElo "2421"]

1.e4 e6 2.d4 d5 3.Nc3 Nf6 4.e5 Nfd7 5.f4 c5 6.Nf3 Nc6 7.Be3 a6 8.Qd2 b5 9.a3 Qb6
10.Ne2 Bb7 11.dxc5 Bxc5 12.Ned4 Rc8 13.b4 Bxd4 14.Nxd4 Nxd4 15.Bxd4 Rxc2
16.Bxb6 Rxd2 17.Kxd2 Nxb6 18.Rc1 Kd7 19.Ke3 f6 20.Bd3 Rf8 21.Rhf1 f5 22.Rc5 Na4
23.Rc2 Nb6 24.Rfc1 Nc4+ 25.Bxc4 bxc4 26.a4 Kc6 27.Kd4 Kb6 28.Rc3 Bc6 29.Rh3 h6
30.Rcc3 Bxa4 31.Rcg3 Rf7 32.Rg6 Re7 33.Rhg3 Kb5 34.Rxg7 Rxg7 35.Rxg7 Kxb4
36.g4 fxg4 37.f5 exf5 38.e6 c3 39.Rc7 c2 40.e7 Kb3 41.Kd3 f4 42.Rxc2 h5 43.Rc8 g3
44.Rb8+ Ka3 45.hxg3 fxg3 46.Rh8 a5 47.Rxh5 Be8 48.Rxd5 a4 49.Kc3 Bf7 50.Rg5 Ka2
51.Rxg3 a3  1-0

[Event "12th Lichtenberger Sommer"]
[Site "Berlin GER"]
[Date "2013.08.23"]
[Round "7.72"]
[White "Wierzbicki,Jirawat"]
[Black "Bieg,Pascal"]
[Result "1/2-1/2"]
[WhiteElo "1725"]
[BlackElo "1859"]

1.e4 e6 2.d4 d5 3.Nc3 Nf6 4.e5 Nfd7 5.Nce2 c5 6.c3 Nc6 7.Nf3 Be7 8.g3 O-O
9.Bg2 b5 10.O-O a5 11.h4 Ba6 12.Re1 b4 13.h5 h6 14.g4 Rb8 15.Nf4 bxc3 16.bxc3 cxd4
17.cxd4 Nb6 18.Nh3 Bb4 19.Bd2 Nc4 20.Bxb4 Nxb4 21.a3 Nc6 22.g5 Ne7 23.Nh4 hxg5
24.Nxg5 Nf5 25.Nhf3 Qb6 26.Bh3 Qb3 27.Bxf5 Qxd1 28.Bh7+ Kh8 29.Raxd1 f6 30.Nxe6 Kxh7
31.Nxf8+ Rxf8 32.a4 fxe5 33.Nxe5 Nb2 34.Ra1 Rf5 35.Ra2 Rg5+ 36.Kh2 Rxh5+
37.Kg2 Nd3 38.Nxd3 Bxd3 39.f3 Kg6 40.Rd2  1/2-1/2

[Event "e2e4 Coventry Open"]
[Site "Coventry ENG"]
[Date "2013.08.23"]
[Round "1"]
[White "Savage,Nicholas W"]
[Black "Walton,A"]
[Result "1/2-1/2"]
[WhiteElo "1980"]
[BlackElo "2155"]

1.e4 e6 2.d4 d5 3.Nc3 Nf6 4.e5 Nfd7 5.Nf3 c5 6.dxc5 Nc6 7.Bf4 Bxc5 8.Bd3 f6
9.exf6 Qxf6 10.Bg3 O-O 11.O-O Nde5 12.Nxe5 Nxe5 13.Bxh7+ Kxh7 14.Qh5+ Kg8
15.Qxe5 Qxe5 16.Bxe5 Bd7 17.Rad1 Rf5 18.Bd4 Bd6 19.Be3 Be5 20.Bd4 Bd6  1/2-1/2

[Event "e2e4 Coventry Open"]
[Site "Coventry ENG"]
[Date "2013.08.23"]
[Round "1"]
[White "Page,Mark"]
[Black "Kennedy,C"]
[Result "1-0"]
[WhiteElo "2077"]
[BlackElo "1946"]

1.e4 e6 2.d4 d5 3.Nc3 Nf6 4.e5 Nfd7 5.f4 c5 6.Nf3 Nc6 7.Be3 Be7 8.Qd2 b6
9.Bb5 Qc7 10.O-O O-O 11.Rae1 f5 12.dxc5 bxc5 13.Nxd5 exd5 14.Qxd5+ Kh8 15.Qxc6 Qb8
16.Qe6 Qxb5 17.Qxe7 Ba6 18.c4 Qc6 19.Rd1  1-0

[Event "15th Sants Open 2013"]
[Site "Barcelona ESP"]
[Date "2013.08.25"]
[Round "3.24"]
[White "McPhillips,Joseph"]
[Black "Cori T.,D"]
[Result "1/2-1/2"]
[WhiteElo "2157"]
[BlackElo "2434"]

1.e4 e6 2.d4 d5 3.Nc3 Nf6 4.e5 Nfd7 5.f4 c5 6.Nf3 Nc6 7.Be3 Be7 8.Qd2 O-O
9.Be2 b6 10.Nd1 cxd4 11.Nxd4 Nxd4 12.Bxd4 f6 13.exf6 Bxf6 14.O-O Bb7 15.c3 e5
16.fxe5 Nxe5 17.Ne3 Qe7 18.Ng4 Bg5 19.Be3 Nf7 20.Bf3 Rad8 21.Rae1 Bxe3+ 22.Rxe3 Qc5
23.b4 Qc7 24.Rfe1 Qf4 25.Qd4 Ng5 26.Re7 Qxd4+ 27.cxd4 Bc8 28.Ne5 Nxf3+ 29.gxf3 Bh3
30.Kf2 Rc8 31.Rg1 Rc2+ 32.Ke3 Bg2 33.Rxa7 g6 34.Ra3 Bh3 35.f4 Rfc8 36.Kf3 Bf5
37.Kg3 Rb2 38.Ra7 h6 39.Ra3 Rcc2 40.Ng4 Bxg4 41.Kxg4 Rxh2 42.Kf3 Rbg2 43.Rc1 Rf2+
44.Ke3 Re2+ 45.Kf3 Rhf2+ 46.Kg4 Rg2+ 47.Kf3 Ref2+ 48.Ke3 Re2+ 49.Kf3 Rgf2+
50.Kg4 Rg2+ 51.Kf3 Ref2+ 52.Ke3  1/2-1/2

[Event "e2e4 Coventry Open"]
[Site "Coventry ENG"]
[Date "2013.08.25"]
[Round "5"]
[White "O'Donnell,Conor"]
[Black "Webster,R"]
[Result "1-0"]
[WhiteElo "2108"]
[BlackElo "1952"]

1.e4 e6 2.d4 d5 3.Nc3 Nf6 4.e5 Nfd7 5.f4 c5 6.Nf3 Nc6 7.Be3 a6 8.Qd2 b5 9.a3 Qb6
10.Ne2 b4 11.axb4 cxb4 12.f5 exf5 13.Nf4 Ne7 14.Bd3 g6 15.O-O Bg7 16.c4 dxc4
17.Bxc4 Bh6 18.e6 fxe6 19.Nxe6 Bxe3+ 20.Qxe3 Nf6 21.Qe5  1-0

[Event "TCh-SRB 1st League 2013"]
[Site "Kragujevac SRB"]
[Date "2013.08.25"]
[Round "2.6"]
[White "Vratonjic,S"]
[Black "Cabarkapa,N"]
[Result "1/2-1/2"]
[WhiteElo "2401"]
[BlackElo "2361"]

1.e4 e6 2.d4 d5 3.Nc3 Nf6 4.e5 Nfd7 5.Nce2 c5 6.c3 cxd4 7.cxd4 f6 8.exf6 Nxf6
9.Nf3 Nc6 10.Nc3 Bd6 11.Bd3 O-O 12.O-O e5 13.dxe5 Nxe5 14.Be2 Nxf3+ 15.Bxf3 d4
16.Nd5 Be5 17.Re1 Qd6 18.Rxe5 Qxe5 19.Bf4 Qe6 20.Nc7 Qf5 21.Qxd4 Ne8 22.Nxa8 Qxf4
23.Qxa7 Nd6 24.Qe3 Qxe3 25.fxe3 Nf5 26.Bd5+ Kh8 27.e4 Nd4 28.Nb6 Bg4 29.h3 Bh5
30.Bc4 g5 31.e5 Re8 32.Re1 Nc2 33.Rc1 Nd4 34.e6 Nxe6 35.Re1 Nf4 36.Rxe8+ Bxe8
37.g3 Nh5 38.Bd5 Nxg3 39.Bxb7 Ne2+ 40.Kh2 Nc1 41.a4 Nd3 42.a5 Bb5 43.b3 Nc5
44.Bd5 Kg7 45.Bc4 Bxc4 46.Nxc4 Na6 47.Kg3 h5 48.Kf3 g4+ 49.hxg4 hxg4+ 50.Ke4 Kf6
51.Kd5 g3 52.Nd2 Kg6 53.Kc4 g2 54.Nf3 Kh5 55.b4 Kg4 56.Ng1 Kg3 57.b5 Nb8
58.Kd3 Kf2 59.Ne2 Kf3 60.Kd2 Ke4 61.a6 Nd7  1/2-1/2

[Event "ch-ESP Rapid 2013"]
[Site "Linares ESP"]
[Date "2013.08.26"]
[Round "5.10"]
[White "Navarrete Espi,S"]
[Black "Narciso Dublan,M"]
[Result "1/2-1/2"]
[WhiteElo "2214"]
[BlackElo "2505"]

1.e4 e6 2.d4 d5 3.Nc3 Nf6 4.e5 Nfd7 5.f4 c5 6.Nf3 Nc6 7.Be3 cxd4 8.Nxd4 Bc5
9.Qd2 O-O 10.O-O-O a6 11.Qf2 Nxd4 12.Bxd4 b6 13.h4 Bb7 14.Kb1 Qc7 15.h5 Rad8
16.Bd3 f6 17.h6 g6 18.Qg3 Kh8 19.Ne2 fxe5 20.Bxe5+ Nxe5 21.fxe5 Qf7 22.Rh4 Bf2
23.Qh3 Bxh4 24.Qxh4 g5 25.Qxg5 Rg8 26.Qh4 Rd7 27.Nf4 Qe7 28.Qh3 Bc8 29.Bf5 Rdd8
30.Nxe6 Bxe6 31.Bxe6 Rg5 32.Rxd5 Rg6 33.Rxd8+ Qxd8 34.a4 Qf8 35.Bf5 Rxh6
36.Qd3 Qe7 37.e6 a5 38.Qc3+ Rf6 39.g4 h6 40.b3 Kg8 41.Qc8+ Rf8 42.Qc3 Qf6
43.Qc7 Rd8 44.Qh7+ Kf8 45.Ka2 Rd1 46.e7+ Qxe7 47.Qxh6+ Qg7 48.Qxg7+ Kxg7
49.Kb2 Kf6 50.Kc3 Ke5 51.Kc4 Kd6 52.b4 axb4 53.Kxb4 Rd4+ 54.Kb5 Kc7 55.c4 Rd2
56.c5 Rb2+ 57.Kc4 Ra2 58.cxb6+ Kxb6 59.Kb4 Rb2+ 60.Kc3 Rg2 61.Kb3 Ka5 62.Bd7 Kb6
63.Kc4  1/2-1/2

[Event "20th Graz Open 2013"]
[Site "Graz AUT"]
[Date "2013.08.27"]
[Round "4.11"]
[White "Mulaj,Jakup"]
[Black "Matosec,T"]
[Result "0-1"]
[WhiteElo "1848"]
[BlackElo "2101"]

1.e4 e6 2.d4 d5 3.Nc3 Nf6 4.e5 Nfd7 5.Bd3 c5 6.Be3 cxd4 7.Bxd4 Nc6 8.Bb5 a6
9.Bxc6 bxc6 10.Nf3 c5 11.Be3 d4 12.Bg5 Qa5 13.Bd2 dxc3 14.Bxc3 Qc7 15.Qe2 Be7
16.h4 h6 17.O-O-O Bb7 18.g4 O-O-O 19.Rh3 Nb8 20.Nd2 Nc6 21.f4 Nd4 22.Bxd4 cxd4
23.Nb3 Bc5 24.Rhd3 a5 25.Nxd4 Ba6 26.Nxe6 Bxd3 27.Rxd3 fxe6  0-1

[Event "TCh-SRB 1st League 2013"]
[Site "Kragujevac SRB"]
[Date "2013.08.31"]
[Round "8.5"]
[White "Perunovic,Mil"]
[Black "Antic,De"]
[Result "1-0"]
[WhiteElo "2618"]
[BlackElo "2463"]

1.e4 e6 2.d4 d5 3.Nc3 Nf6 4.e5 Nfd7 5.f4 c5 6.Nf3 Nc6 7.Be3 cxd4 8.Nxd4 Bc5
9.Qd2 O-O 10.g3 Qe7 11.Na4 Nxd4 12.Bxd4 Bxd4 13.Qxd4 Nb8 14.O-O-O b6 15.Nc3 Nc6
16.Qf2 Bd7 17.Kb1 Qc5 18.Qxc5 bxc5 19.Ne4 Rfc8 20.Nxc5 Nxe5 21.b4 Rxc5 22.bxc5 Ng4
23.Rd4 Rc8 24.Rb4 Rxc5 25.Rb7 Nf6 26.Rxa7 g6 27.Bd3 h6 28.a4 Kg7 29.Kb2 g5
30.a5 Bb5 31.Ra1 gxf4 32.gxf4 Nh5 33.Rb7 Bxd3 34.cxd3 Nxf4 35.Ra3  1-0

[Event "6th Sabadell Open"]
[Site "Sabadell ESP"]
[Date "2013.09.10"]
[Round "9.7"]
[White "Aryan,C"]
[Black "Jerez Perez,A"]
[Result "1/2-1/2"]
[WhiteElo "2189"]
[BlackElo "2376"]

1.e4 e6 2.d4 d5 3.Nc3 Nf6 4.e5 Nfd7 5.f4 c5 6.Nf3 Nc6 7.Be3 Be7 8.Qd2 O-O
9.Nd1 cxd4 10.Nxd4 Nxd4 11.Bxd4 Bc5 12.c3 f6 13.Qe3 Qa5 14.exf6 Bxd4 15.Qxd4 gxf6
16.Bd3 e5 17.Qf2 Qb6 18.O-O Qxf2+ 19.Nxf2 Nc5 20.b4 Nxd3 21.Nxd3 Bf5 22.Rad1 Rae8
23.Rfe1 Bxd3 24.Rxd3 exf4 25.Rxe8 Rxe8 26.Rxd5  1/2-1/2

[Event "Satka Autumn 2013"]
[Site "Satka RUS"]
[Date "2013.09.11"]
[Round "9"]
[White "Kostitsina,L"]
[Black "Saunina,L"]
[Result "0-1"]
[WhiteElo "2059"]
[BlackElo "2195"]

1.e4 e6 2.d4 d5 3.Nc3 Nf6 4.e5 Nfd7 5.Nf3 c5 6.Bf4 Qb6 7.Qd2 cxd4 8.Nxd4 Nc6
9.Nb3 Ndxe5 10.Bxe5 Nxe5 11.Qe2 Qd6 12.O-O-O Be7 13.f4 Nc6 14.Qg4 O-O 15.h4 f5
16.Qf3 Bd7 17.h5 h6 18.Kb1 a5 19.a3 a4 20.Nc1 Bf6 21.Nb5 Qc5 22.c4 dxc4 23.Rxd7 Qxb5
24.Qf2 Rad8 25.Rc7 Rf7 26.Rxf7 Kxf7 27.Qc2 Rd4 28.g4 Rxf4 29.gxf5 Qxf5 30.Qxf5 exf5
31.Ne2 Rf2 32.Nc3 Na5 33.Rg1 b5 34.Bg2 Bxc3 35.bxc3 Rd2 36.Bh3 Rd3 37.Bxf5 Rxc3
38.Bd7 Rxa3 39.Kc2 b4 40.Rb1 Ra2+  0-1

[Event "FSIM Sept 2013"]
[Site "Budapest HUN"]
[Date "2013.09.12"]
[Round "6.4"]
[White "Lyell,M"]
[Black "Rudakov,A"]
[Result "1-0"]
[WhiteElo "2220"]
[BlackElo "2209"]

1.e4 e6 2.d4 d5 3.Nc3 Nf6 4.e5 Nfd7 5.f4 c5 6.Nf3 Nc6 7.Be3 a6 8.Qd2 cxd4
9.Nxd4 Bc5 10.O-O-O Nxd4 11.Bxd4 Qc7 12.Qf2 b5 13.Bd3 Bb7 14.Rhe1 Bxd4 15.Qxd4 Qa5
16.Kb1 b4 17.Ne2 Nc5 18.f5 exf5 19.Bxf5 O-O 20.Qh4 h6 21.Nd4 Qd8 22.Qh3 Kh8
23.g4 Bc8 24.Qg3 Be6 25.h4 Qd7 26.Rf1 g6 27.Qe3 Kg7 28.h5 gxf5 29.gxf5 Kh7
30.fxe6 fxe6 31.Nf5 Rxf5 32.Rxf5 exf5 33.Qxc5 Rg8 34.b3 Rd8 35.Qxb4 d4 36.Qb6 Qe8
37.e6 Qe7 38.Qxa6 Rd6 39.Qc4 f4 40.Re1 f3 41.Qd3+ Kh8 42.Qxf3  1-0

[Event "Mohamed Slama Mem 2013"]
[Site "Monastir TUN"]
[Date "2013.09.13"]
[Round "7.12"]
[White "Djaballah,F"]
[Black "Tritar,K"]
[Result "1-0"]
[WhiteElo "2017"]
[BlackElo "2008"]

1.e4 e6 2.d4 d5 3.Nc3 Nf6 4.e5 Nfd7 5.f4 c5 6.Nf3 Nc6 7.Be3 Qb6 8.Na4 Qa5+
9.c3 b6 10.a3 c4 11.Bd2 b5 12.Nc5 Nxc5 13.dxc5 Bxc5 14.b4 cxb3 15.c4 Qb6
16.cxb5 Nd4 17.Nxd4 Bxd4 18.Rb1 Bf2+ 19.Ke2 Bg1 20.Qxb3 Bd7 21.Qg3 O-O 22.Rxg1 Qxg1
23.Be3 Qh1 24.Kf2 Rab8 25.a4 a6 26.Bd3 Qxb1 27.Bxb1 axb5 28.a5 Rfc8 29.f5 Rc3
30.f6 g6 31.Qh4 Kh8 32.Bh6 Rc4 33.Bg7+ Kg8 34.Qh6  1-0

[Event "FSGM Sept 2013"]
[Site "Budapest HUN"]
[Date "2013.09.14"]
[Round "6.2"]
[White "Szabo,Krisz1"]
[Black "Garcia Roman,D"]
[Result "1-0"]
[WhiteElo "2561"]
[BlackElo "2399"]

1.e4 e6 2.d4 d5 3.Nc3 Nf6 4.e5 Nfd7 5.f4 c5 6.Nf3 Nc6 7.Be3 Be7 8.Qd2 O-O
9.dxc5 Nxc5 10.O-O-O Qa5 11.Kb1 Rd8 12.Nd4 Bf8 13.g4 Rb8 14.h4 Nxd4 15.Bxd4 b5
16.Ne4 Qxd2 17.Nxd2 Bd7 18.Bh3 a5 19.f5 b4 20.f6 Bb5 21.Rde1 a4 22.Re3 Ne4
23.Nf3 Bc4 24.g5 b3 25.axb3 axb3 26.cxb3 Bxb3 27.Rc1 Rb7 28.Bf1 Ra8 29.Rc6 Bd1
30.Be2 Bxe2 31.Rxe2 Rb3 32.Re3 Rb4 33.Kc2 Rab8 34.Rd3 h6 35.Rd1 hxg5 36.hxg5 Rb3
37.Rd3 R3b4 38.Rc7 Bc5 39.Bxc5 Rc4+ 40.Rc3 Rxb2+ 41.Kxb2 Nxc3 42.Rc8+ Kh7
43.fxg7  1-0

[Event "XVII Mercosur Cup 2013"]
[Site "Villa Martelli ARG"]
[Date "2013.09.15"]
[Round "1.3"]
[White "Barbosa,Ev"]
[Black "Santiago,Y"]
[Result "0-1"]
[WhiteElo "2454"]
[BlackElo "2401"]

1.e4 e6 2.d4 d5 3.Nc3 Nf6 4.e5 Nfd7 5.f4 c5 6.Nf3 Nc6 7.Be3 Qb6 8.Na4 Qa5+
9.c3 b6 10.Bd2 c4 11.b4 Nxb4 12.cxb4 Bxb4 13.Rc1 Bxd2+ 14.Nxd2 b5 15.Nc3 O-O
16.Be2 b4 17.Qa4 Qb6 18.Nb5 Nb8 19.Nd6 Bd7 20.Qc2 Nc6 21.Nf3 Nxd4 22.Nxd4 Qxd4
23.Qd2 Qb6 24.Bf3 Rab8 25.f5 c3 26.Qd3 Kh8 27.Bh5 f6 28.Bg6 fxe5 29.Qh3 h6
30.Nf7+ Kg8 31.Nxe5 Qd4 32.Nd3 Bb5 33.fxe6 Rf6 34.Rf1 Rxg6  0-1

[Event "FSGM Sept 2013"]
[Site "Budapest HUN"]
[Date "2013.09.16"]
[Round "8.4"]
[White "Czebe,A"]
[Black "Lizak,P"]
[Result "0-1"]
[WhiteElo "2492"]
[BlackElo "2408"]

1.e4 e6 2.d4 d5 3.Nc3 Nf6 4.e5 Nfd7 5.f4 c5 6.Nf3 Nc6 7.Be3 a6 8.Qd2 b5 9.dxc5 Bxc5
10.Bxc5 Nxc5 11.Bd3 Qb6 12.Qf2 b4 13.Ne2 a5 14.O-O Ba6 15.Rfd1 O-O 16.Ned4 Nxd4
17.Nxd4 Na4 18.Rab1 Rfc8 19.f5 Bxd3 20.Rxd3 exf5 21.h3 g6 22.g4 f4 23.Kg2 Nc5
24.Nb3 Qc7 25.Nxc5 Qxc5 26.Rd2 Qxf2+ 27.Rxf2 Rc4 28.Rd1 Rd8 29.g5 Re4 30.h4 h6
31.gxh6 Kh7 32.Kf3 Rxe5 33.Kxf4 Rf5+ 34.Kg3 Rxf2 35.Kxf2 Kxh6 36.Kg3 f5 37.a3 bxa3
38.bxa3 Rc8 39.Rxd5 Rc3+ 40.Kf4 Rxa3 41.c4 Rc3 42.Rc5 a4 43.Rc8 a3 44.h5 a2  0-1

[Event "XVII Mercosur Cup 2013"]
[Site "Villa Martelli ARG"]
[Date "2013.09.17"]
[Round "3.4"]
[White "Pichot,A"]
[Black "Santiago,Y"]
[Result "0-1"]
[WhiteElo "2412"]
[BlackElo "2401"]

1.e4 e6 2.d4 d5 3.Nc3 Nf6 4.e5 Nfd7 5.f4 c5 6.Nf3 Nc6 7.Be3 Be7 8.Qd2 O-O
9.O-O-O c4 10.Qf2 b5 11.Kb1 b4 12.Nb5 a6 13.Nd6 Bxd6 14.exd6 Nf6 15.Ne5 Qxd6
16.g4 Ne4 17.Qe1 Rb8 18.Ka1 b3 19.c3 bxa2 20.Nxc6 Qxc6 21.Bg2 Qb5 22.Qe2 Nf6
23.Rd2 a5 24.g5 Nd7 25.f5 exf5 26.Bf4 Rb6 27.Qf3 Bb7 28.Bc7 Rc6 29.Bg3 Nb6
30.Re1 a4 31.Re7 Bc8 32.Bh3 a3 33.Bxf5 Bxf5 34.Qxf5 Na4  0-1

[Event "TCh-CRO Ia Liga 2013"]
[Site "Bol CRO"]
[Date "2013.09.19"]
[Round "6.5"]
[White "Brkic,A"]
[Black "Berescu,A"]
[Result "1-0"]
[WhiteElo "2578"]
[BlackElo "2470"]

1.e4 e6 2.d4 d5 3.Nc3 Nf6 4.e5 Nfd7 5.f4 c5 6.Nf3 Nc6 7.Be3 Qb6 8.Na4 Qa5+
9.c3 b6 10.Bd2 c4 11.b4 Qa6 12.Be2 Be7 13.O-O f5 14.exf6 Nxf6 15.Nb2 Qb7
16.Qc2 Bd7 17.Ng5 b5 18.a4 a5 19.axb5 Qxb5 20.Rfb1 O-O 21.bxa5 Rxa5 22.Nd1 Qa6
23.Rxa5 Nxa5 24.Nf2 h6 25.Nf3 Nc6 26.Ne5 Nxe5 27.fxe5 Nh7 28.Bg4 Bg5 29.Bxg5 Nxg5
30.h4 Nh7 31.Qb2 Ra8 32.Nh3 Nf8 33.Nf4 Be8 34.Qb6 Bf7 35.h5 Qa3 36.Qb2 Qxb2
37.Rxb2 Re8 38.Rb6 Re7 39.Rb8 Be8 40.Ng6 Nxg6 41.hxg6 Kf8 42.Kh2 h5 43.Bh3 Rc7
44.Bxe6 Ke7 45.Bxd5 Bxg6 46.Rg8  1-0

[Event "63rd TCh-BUL GpB 2013"]
[Site "Sunny Beach BUL"]
[Date "2013.09.21"]
[Round "4.3"]
[White "Stoynov,J"]
[Black "Nikolov,J"]
[Result "1-0"]
[WhiteElo "2221"]
[BlackElo "2047"]

1.e4 e6 2.d4 d5 3.Nc3 Nf6 4.e5 Nfd7 5.f4 c5 6.Nf3 Nc6 7.Be3 a6 8.Qd2 b5 9.dxc5 Bxc5
10.O-O-O Qb6 11.Nd4 O-O 12.Kb1 Bb7 13.Be2 Nxd4 14.Bxd4 Bc6 15.Bxc5 Nxc5 16.b4 Na4
17.Nxa4 bxa4 18.Qd4 Qb7 19.a3 Rfc8 20.Qe3 Bb5 21.Bxb5 Qxb5 22.f5 a5 23.Rd4 Qc6
24.Qd3 exf5 25.Rxd5 axb4 26.axb4 g6 27.Rc1 Qb6 28.Qd4 Qb7 29.e6 Ra7 30.Rd8+  1-0

[Event "Caissa IM September 2013"]
[Site "Kecskemet HUN"]
[Date "2013.09.22"]
[Round "2.4"]
[White "Lyell,M"]
[Black "Rudakov,A"]
[Result "0-1"]
[WhiteElo "2220"]
[BlackElo "2209"]

1.e4 e6 2.d4 d5 3.Nc3 Nf6 4.e5 Nfd7 5.f4 c5 6.Nf3 Nc6 7.Be3 cxd4 8.Nxd4 Bc5
9.Qd2 O-O 10.O-O-O a6 11.Qf2 Bxd4 12.Bxd4 b5 13.Be3 b4 14.Na4 Qa5 15.b3 Bb7
16.Bd3 Rac8 17.Rhg1 Ne7 18.Kb1 Rfe8 19.g4 Bc6 20.Nb6 Nxb6 21.Bxb6 Qa3 22.f5 Bb5
23.f6 Bxd3 24.Rxd3 Ng6 25.Bd4 Qa5 26.h4 Qc7 27.Re3 Nxh4 28.fxg7 Ng6 29.Rh1 Kxg7
30.Reh3 Rh8 31.R1h2 Kg8 32.Qf6 Qe7 33.Be3 Qxf6 34.exf6 h6 35.Bxh6 e5 36.Kb2 d4
37.a3 bxa3+ 38.Kxa3 Rc6 39.Kb2 Rxf6 40.g5 Re6 41.Rh1 Nf4 42.R3h2 Nd5 43.Ra1 Ne3
44.Ra5 Ng4 45.Rh1 Nxh6 46.gxh6 Kh7 47.Rd5 Rhe8  0-1

[Event "63rd TCh-BUL GpB 2013"]
[Site "Sunny Beach BUL"]
[Date "2013.09.22"]
[Round "6.1"]
[White "Filev,G"]
[Black "Galunov,T"]
[Result "1-0"]
[WhiteElo "2324"]
[BlackElo "2345"]

1.e4 e6 2.d4 d5 3.Nc3 Nf6 4.e5 Nfd7 5.f4 c5 6.Nf3 Nc6 7.Be3 Qb6 8.Na4 Qa5+
9.c3 cxd4 10.b4 Nxb4 11.cxb4 Bxb4+ 12.Bd2 Bxd2+ 13.Nxd2 O-O 14.Be2 b5 15.Nb2 Nb6
16.O-O Nc4 17.Ndxc4 dxc4 18.Bf3 Rb8 19.Qxd4 c3 20.Nd3 Rd8 21.Qb4 Qxb4 22.Nxb4 Bd7
23.a3 Rdc8 24.Rfd1 Be8 25.Na6 Rb6 26.Rd6 Rc4 27.Rxb6 axb6 28.g3 f6 29.exf6 gxf6
30.f5 c2 31.Rc1 Rc3 32.Kf2 exf5 33.Nb4 Rxa3 34.Rxc2 Bf7  1-0